Palafox y América / (Record no. 54989)

MARC details
000 -LEADER
fixed length control field 00689cam a2200205 4500
005 - DATE AND TIME OF LATEST TRANSACTION
control field 20151023122229.0
008 - FIXED-LENGTH DATA ELEMENTS--GENERAL INFORMATION
fixed length control field 151022b mx ||||| |||| 00| 0 spa d
020 ## - INTERNATIONAL STANDARD BOOK NUMBER
International Standard Book Number 968859086X
050 04 - LIBRARY OF CONGRESS CALL NUMBER
Classification number BX4705 .P35
Item number C45 1992
100 1# - MAIN ENTRY--PERSONAL NAME
Personal name Chinchilla Pawling, Perla
245 10 - TITLE STATEMENT
Title Palafox y América /
Statement of responsibility, etc Perla Chinchilla Pawling.
250 ## - EDITION STATEMENT
Edition statement 1a ed.
260 ## - PUBLICATION, DISTRIBUTION, ETC. (IMPRINT)
Place of publication, distribution, etc México :
Name of publisher, distributor, etc UIA, Departamento de Historia,
Date of publication, distribution, etc 1992
300 ## - PHYSICAL DESCRIPTION
Extent 89 p. ;
Dimensions 21 cm.
504 ## - BIBLIOGRAPHY, ETC. NOTE
Bibliography, etc Incluye bibliografía
600 17 - SUBJECT ADDED ENTRY--PERSONAL NAME
Source of heading or term LEMB
Personal name Palafox y Mendoza, Juan de,
Dates associated with a name [1600-1659]
General subdivision Documentos
650 #7 - SUBJECT ADDED ENTRY--TOPICAL TERM
Source of heading or term LEMB
Topical term or geographic name as entry element Iglesia católica
General subdivision Historia
Chronological subdivision Siglo XVII
Geographic subdivision México
650 #7 - SUBJECT ADDED ENTRY--TOPICAL TERM
Source of heading or term LEMB
Topical term or geographic name as entry element Obispos
General subdivision Biografía
Geographic subdivision México
942 ## - ADDED ENTRY ELEMENTS (KOHA)
Source of classification or shelving scheme Biblioteca del Cogreso de los Estados Unidos
Koha item type Libro
Holdings
Estado de pérdida Fuente de clasificación Estado del daño No para préstamo Ubicación permanente Ubicación actual Apartado o colección Fecha de adquisición Edición Dependencia de educación superior (DES) Área del conocimiento Clasificación Código de Barras Date last seen Número de copia Tipo de recurso Nota pública
  Biblioteca del Cogreso de los Estados Unidos     Biblioteca del Instituto de Investigaciones Históricas Biblioteca del Instituto de Investigaciones Históricas General 22/10/2015 1a ed. Humanidades Educación y Humanidades BX4705 .P35 C45 1992 IIH000002339 22/10/2015 C: 1 Libro GENERAL
  Biblioteca del Cogreso de los Estados Unidos     Biblioteca del Instituto de Investigaciones Históricas Biblioteca del Instituto de Investigaciones Históricas General 22/10/2015 1a ed. Humanidades Educación y Humanidades BX4705 .P35 C45 1992 IIH000013554 22/10/2015 C: 2 Libro GENERAL
  Biblioteca del Cogreso de los Estados Unidos     Biblioteca del Instituto de Investigaciones Históricas Biblioteca del Instituto de Investigaciones Históricas General 22/10/2015 1a ed. Humanidades Educación y Humanidades BX4705 .P35 C45 1992 IIH000013555 22/10/2015 C: 3 Libro GENERAL
  Biblioteca del Cogreso de los Estados Unidos     Biblioteca del Instituto de Investigaciones Históricas Biblioteca del Instituto de Investigaciones Históricas General 22/10/2015 1a ed. Humanidades Educación y Humanidades BX4705 .P35 C45 1992 IIH000013556 22/10/2015 C: 4 Libro GENERAL